Հուդայի արձակուրդը : (Record no. 107353)
[ view plain ]
| 000 -LEADER | |
|---|---|
| fixed length control field | 01014nam a2200253 a 4500 |
| 001 - CONTROL NUMBER | |
| control field | 000292976 |
| 003 - CONTROL NUMBER IDENTIFIER | |
| control field | AM-YeHGA |
| 005 - DATE AND TIME OF LATEST TRANSACTION | |
| control field | 20250618071912.0 |
| 008 - FIXED-LENGTH DATA ELEMENTS--GENERAL INFORMATION | |
| fixed length control field | 031211s2003 ai a||||r|||||||||1|arm|d |
| 020 ## - INTERNATIONAL STANDARD BOOK NUMBER | |
| International Standard Book Number | 999309711X |
| 040 ## - CATALOGING SOURCE | |
| Original cataloging agency | AM-YeHGA |
| 041 0# - LANGUAGE CODE | |
| Language code of text/sound track or separate title | arm |
| 090 ## - LOCALLY ASSIGNED LC-TYPE CALL NUMBER (OCLC); LOCAL CALL NUMBER (RLIN) | |
| -- | 108680 |
| 100 1# - MAIN ENTRY--PERSONAL NAME | |
| Personal name | Հարությունյան, Արտեմ Միքայելի, |
| Dates associated with a name | 1945- |
| 9 (RLIN) | 1160 |
| 245 10 - TITLE STATEMENT | |
| Title | Հուդայի արձակուրդը : |
| Remainder of title | [Բանաստեղծություններ : Պոեմ ] / |
| Statement of responsibility, etc. | Ա. Հարությունյան ; Խմբ.՝ Ս. Արզումանյան. |
| 246 15 - VARYING FORM OF TITLE | |
| Title proper/short title | Judas՛ vacation |
| 260 ## - PUBLICATION, DISTRIBUTION, ETC. | |
| Place of publication, distribution, etc. | Երևան : |
| Name of publisher, distributor, etc. | ՀԳՄ հրատ., |
| Date of publication, distribution, etc. | 2003. |
| 300 ## - PHYSICAL DESCRIPTION | |
| Extent | 456 էջ |
| -- | դիմանկ. ; |
| Dimensions | 24 սմ. |
| 500 ## - GENERAL NOTE | |
| General note | Գրախոսություններ, կարծիքներ, էջ՝ 407-451 |
| 546 ## - LANGUAGE NOTE | |
| Language note | Կարծիքները նաև անգլ. լեզվով |
| 650 14 - SUBJECT ADDED ENTRY--TOPICAL TERM | |
| Topical term or geographic name entry element | Հայ գրականություն |
| 700 1# - ADDED ENTRY--PERSONAL NAME | |
| Personal name | Արզումանյան, Սևակ Հարությունի, |
| Dates associated with a name | 1929-2004 |
| Relator term | խմբ. |
| Relationship | edt |
| 9 (RLIN) | 981 |
| 942 ## - ADDED ENTRY ELEMENTS (KOHA) | |
| Source of classification or shelving scheme | Universal Decimal Classification |
| Koha item type | Գրքեր / Books |
| Withdrawn status | Lost status | Damaged status | Not for loan | Collection | Home library | Current library | Date acquired | Total checkouts | Full call number | Barcode | Date last seen | Copy number | Price effective from | Koha item type | Public note | Cost, replacement price |
|---|---|---|---|---|---|---|---|---|---|---|---|---|---|---|---|---|
| General | Fundamental Scientific Library | Fundamental Scientific Library | 22/12/2016 | AII/88419 | FL0190258 | 22/12/2016 | 891.981 | 22/12/2016 | Գրքեր / Books | 30 Days Loan | ||||||
| General | Fundamental Scientific Library | Fundamental Scientific Library | 22/12/2016 | AII/88420 | 220088420 | 22/12/2016 | 22/12/2016 | Գրքեր / Books | 30 Days Loan | |||||||
| General | Fundamental Scientific Library | Fundamental Scientific Library | 22/12/2016 | AII/88938 | 220088938 | 22/12/2016 | 22/12/2016 | Գրքեր / Books | 30 Days Loan | |||||||
| General | Fundamental Scientific Library | Fundamental Scientific Library | 22/12/2016 | AII/95120 | FL0139133 | 22/12/2016 | 891.981 | 22/12/2016 | Գրքեր / Books | 30 Days Loan | 3800.00 |
ՀՀ Գիտությունների ազգային ակադեմիայի հիմնարար գիտական գրադարան = Fundamental Scientific Library of NAS RA
All site content, except where otherwise noted, is licensed under a